00846cam a2200229 a 4500999001500000001000500015003000900020005001700029008004100046020001500087040003800102082001600140100001700156245012800173260004700301300004600348500002000394650005300414700002300467942001200490952011400502 c5938d59384463BD-DhUAP20201222154525.0201222s1996 nyuabf b f000 0 eng  a0442020554 aBD-DhUAPcBD-DhUAPdBD-DhUAPbEng a658 AME223 aAmelio, Gil. aProfit from experience :bthe National Semiconductor story of transformation management /cGil Amelio and William L. Simon. aNew York :bVan Nostrand Reinhold,cc1996. axxi, 312 pages :billustrations ;c24 cm. aIncludes index. aNational Semiconductor Corporation vManagement. aSimon, William L.  2ddccBK 00102ddc4070aUAPCLbUAPCLcGeneral Stacksd2020-12-22o658 AMEp3010004463r2020-12-22t1w2020-12-22yBK